Bullen & Leake & Jacob's precedents of pleadings. (Record no. 471)

MARC details
000 -LEADER
fixed length control field 01614cam a2200373 a 4500
001 - CONTROL NUMBER
control field 1551604
003 - CONTROL NUMBER IDENTIFIER
control field OSt
005 - DATE AND TIME OF LATEST TRANSACTION
control field 20230606082124.0
008 - FIXED-LENGTH DATA ELEMENTS--GENERAL INFORMATION
fixed length control field 910814s1990 enk 001 0 eng
010 ## - LIBRARY OF CONGRESS CONTROL NUMBER
LC control number 91183014
020 ## - INTERNATIONAL STANDARD BOOK NUMBER
International Standard Book Number 9780414028074
040 ## - CATALOGING SOURCE
Original cataloging agency DLC
Transcribing agency DLC
043 ## - GEOGRAPHIC AREA CODE
Geographic area code e-uk-en
050 00 - LIBRARY OF CONGRESS CALL NUMBER
Classification number KD7177
Item number .B8 1990
082 00 - DEWEY DECIMAL CLASSIFICATION NUMBER
Classification number 347.420355
Edition number 20
Item number BLA
245 00 - TITLE STATEMENT
Title Bullen & Leake & Jacob's precedents of pleadings.
250 ## - EDITION STATEMENT
Edition statement 17th ed. /
Remainder of edition statement editors, Sir Jack I.H. Jacob and Iain S. Goldrein ; with specialist contributors ; with a foreword by The Right Hon. Lord Griffiths.
260 ## - PUBLICATION, DISTRIBUTION, ETC. (IMPRINT)
Place of publication, distribution, etc. London :
Name of publisher, distributor, etc. Sweet & Maxwell,
Date of publication, distribution, etc. 1990.
300 ## - PHYSICAL DESCRIPTION
Extent 329 pages
Dimensions 26 cm.
440 #4 - SERIES STATEMENT/ADDED ENTRY--TITLE
Title The Common law library ;
500 ## - GENERAL NOTE
General note Rev. ed. of: Bullen and Leake and Jacob's precedents of pleadings in the Queen's Bench Division of the High Court of Justice. 12th ed. 1975.
500 ## - GENERAL NOTE
General note "... this edition ... is the collective work of 19 specialist practitioners at the Bar"--Pref.
500 ## - GENERAL NOTE
General note Includes index.
650 #0 - SUBJECT ADDED ENTRY--TOPICAL TERM
Topical term or geographic name as entry element Pleading
Geographic subdivision England
General subdivision Forms.
700 1# - ADDED ENTRY--PERSONAL NAME
Personal name Bullen, Edward,
Dates associated with a name 2014
700 1# - ADDED ENTRY--PERSONAL NAME
Personal name Leake, Stephen Martin,
Dates associated with a name 2014
700 1# - ADDED ENTRY--PERSONAL NAME
Personal name Jacob, Jack I. H.
Fuller form of name (Jack Isaac Hai),
Titles and other words associated with a name Sir,
Dates associated with a name 2014
700 1# - ADDED ENTRY--PERSONAL NAME
Personal name Goldrein, Ian S.
730 0# - ADDED ENTRY--UNIFORM TITLE
Uniform title Bullen and Leake and Jacaob's precedents of pleadings in the Queen's Bench Division of the High Court of Justice.
740 0# - ADDED ENTRY--UNCONTROLLED RELATED/ANALYTICAL TITLE
Uncontrolled related/analytical title Bullen and Leake and Jacob's precedents of pleadings.
906 ## - LOCAL DATA ELEMENT F, LDF (RLIN)
a 7
b cbc
c orignew
d 2
e ncip
f 19
g y-gencatlg
942 ## - ADDED ENTRY ELEMENTS (KOHA)
Source of classification or shelving scheme Dewey Decimal Classification
Koha item type Books
Holdings
Withdrawn status Lost status Source of classification or shelving scheme Damaged status Not for loan Home library Current library Date acquired Total Checkouts Full call number Barcode Date last seen Price effective from Koha item type
    Dewey Decimal Classification     Bunge Tower Library Bunge Tower Library 06/06/2023   347.420355 BLA 1000396 06/06/2023 06/06/2023 Books
LIBRARY OPENING HOURS

When the Parliament is sitting: 8.00a.m - 7.00p.m or until the house adjourns
Mondays and Fridays and when the House is on Recess:  8.00a.m - 5.00p.m
Closed on Weekends and Public Holidays

Online Public Access Catalog (OPAC)
Website: http://www.parliament.go.ke
Bunge Library: https://libraryir.parliament.go.ke
Contact: library@parliament.go.ke | Tel no: (254-2)2221291 or 2848000 Ext 5043